| 000 | 00688nam a2200205Ia 4500 | ||
|---|---|---|---|
| 003 | GCL | ||
| 008 | 140319s9999 xx 000 0 ara d | ||
| 040 |
_aGCL / _cGCL |
||
| 082 | 0 | 4 |
_aفيديو _b131 |
| 245 | 1 | 0 | _aاشرس الحيانات ,حيوانات قرينة الانسان, الحياة فى المستنقعات,الكلاب |
| 260 |
_a[S.N] : _bلا يوجد |
||
| 490 |
_aموسوعة غرائب الطبيعة _v0 |
||
| 650 | 0 | 4 | _aالطبيعة |
| 650 | 0 | 4 | _aالكلاب |
| 650 | 0 | 4 | _aالحيوانات المفترسة |
| 650 | 0 | 4 | _aالمناظر الطبيعية |
| 650 | 0 | 4 | _aالمستنقعات |
| 650 | 0 | 4 | _aالحيوانات - تربية |
| 942 |
_2ddc _cBK |
||
| 999 |
_c33897 _d33897 |
||